Pendidikan dan politik di Malaysia / (Record no. 2181)
[ view plain ]
| 000 -LEADER | |
|---|---|
| fixed length control field | nam a22 a 4500 |
| 003 - CONTROL NUMBER IDENTIFIER | |
| control field | AKMAL |
| 005 - DATE AND TIME OF LATEST TRANSACTION | |
| control field | 20170515150506.0 |
| 008 - FIXED-LENGTH DATA ELEMENTS--GENERAL INFORMATION | |
| fixed length control field | 170515s19811977my a e b a000 0 may d |
| 039 #9 - LEVEL OF BIBLIOGRAPHIC CONTROL AND CODING DETAIL [OBSOLETE] | |
| Level of rules in bibliographic description | 201304051058 |
| Level of effort used to assign nonsubject heading access points | maulidiah |
| Level of effort used to assign subject headings | 200711221358 |
| Level of effort used to assign classification | rfid1 |
| Level of effort used to assign subject headings | 200612051034 |
| Level of effort used to assign classification | mazliana |
| Level of effort used to assign subject headings | 200604221031 |
| Level of effort used to assign classification | fadilah |
| 040 ## - CATALOGING SOURCE | |
| Original cataloging agency | AKMAL |
| 082 04 - DEWEY DECIMAL CLASSIFICATION NUMBER | |
| Classification number | 370.193'49 IBR |
| Edition number | 22 |
| 090 00 - LOCALLY ASSIGNED LC-TYPE CALL NUMBER (OCLC); LOCAL CALL NUMBER (RLIN) | |
| Classification number (OCLC) (R) ; Classification number, CALL (RLIN) (NR) | 370.193'49 |
| Local cutter number (OCLC) ; Book number/undivided call number, CALL (RLIN) | IBR |
| 100 0# - MAIN ENTRY--PERSONAL NAME | |
| Personal name | Ibrahim Saad |
| 9 (RLIN) | 4594 |
| 245 10 - TITLE STATEMENT | |
| Title | Pendidikan dan politik di Malaysia / |
| Statement of responsibility, etc. | Ibrahim Saad |
| 260 ## - PUBLICATION, DISTRIBUTION, ETC. | |
| Place of publication, distribution, etc. | Kuala Lumpur : |
| Name of publisher, distributor, etc. | Dewan Bahasa dan Pustaka , |
| Date of publication, distribution, etc. | 1981 |
| 300 ## - PHYSICAL DESCRIPTION | |
| Extent | 117ms. : |
| Other physical details | il. ; |
| Dimensions | 22cm. |
| 504 ## - BIBLIOGRAPHY, ETC. NOTE | |
| Bibliography, etc. note | Bibliography: p.97-104 |
| 650 10 - SUBJECT ADDED ENTRY--TOPICAL TERM | |
| Topical term or geographic name entry element | Education |
| Geographic subdivision | Malaysia |
| 9 (RLIN) | 844 |
| 650 20 - SUBJECT ADDED ENTRY--TOPICAL TERM | |
| Topical term or geographic name entry element | Education and state |
| Geographic subdivision | Malaysia |
| 9 (RLIN) | 596 |
| 942 ## - ADDED ENTRY ELEMENTS (KOHA) | |
| Source of classification or shelving scheme | |
| Koha item type | Book |
| Withdrawn status | Lost status | Source of classification or shelving scheme | Damaged status | Not for loan | Collection code | Home library | Current library | Shelving location | Date acquired | Inventory number | Total Checkouts | Full call number | Barcode | Date last seen | Price effective from | Koha item type |
|---|---|---|---|---|---|---|---|---|---|---|---|---|---|---|---|---|
| FICTION | AKMAL Melaka | AKMAL Melaka | PINJAMAN | 29.05.2017 | 302146 | 370.193'49 IBR | 201706607 | 29.05.2017 | 29.05.2017 | Book |
